000 00464nam a22001337a 4500
999 _c130282
_d130282
008 200203b ||||| |||| 00| 0 eng d
050 _aBX1682.Z5
_bS146
245 _aSt. mary's cathedral basilica
_bBulawayo
_cEdited by Innocent Kurwa
260 _aBulawayo
_bArchdiocese of Bulawayo
_c2013
300 _a16p. ;
_c30cm.
650 _aSt. Mary's cathedral (Bulawayo)
_xHistory
_949312
650 _aCatholic Church
_xHistory
_zBulawayo
_949313
942 _2lcc
_cMONOGRAPH